<?xml version="1.0" encoding="UTF-8"?>
<record
    xmlns:xsi="http://www.w3.org/2001/XMLSchema-instance"
    xsi:schemaLocation="http://www.loc.gov/MARC21/slim http://www.loc.gov/standards/marcxml/schema/MARC21slim.xsd"
    xmlns="http://www.loc.gov/MARC21/slim">

  <leader>00852cam a2200289 i 4500</leader>
  <controlfield tag="001">1761064</controlfield>
  <controlfield tag="003">YEEZEN</controlfield>
  <controlfield tag="005">20241226134859.0</controlfield>
  <controlfield tag="008">240905s2024    ch  ak        000 0 chi c</controlfield>
  <datafield tag="020" ind1=" " ind2=" ">
    <subfield code="a">9786263618268</subfield>
    <subfield code="q">(&#x5E73;&#x88DD;) :</subfield>
    <subfield code="c">&#x65B0;&#x53F0;&#x5E63;380&#x5143;</subfield>
  </datafield>
  <datafield tag="040" ind1=" " ind2=" ">
    <subfield code="a">PVY</subfield>
    <subfield code="b">chi</subfield>
    <subfield code="c">PVY</subfield>
  </datafield>
  <datafield tag="041" ind1="0" ind2=" ">
    <subfield code="a">chi</subfield>
  </datafield>
  <datafield tag="042" ind1=" " ind2=" ">
    <subfield code="a">nbic</subfield>
  </datafield>
  <datafield tag="090" ind1=" " ind2=" ">
    <subfield code="a">528.2</subfield>
  </datafield>
  <datafield tag="100" ind1="1" ind2=" ">
    <subfield code="a">&#x80E1;&#x5C55;&#x8AA5;</subfield>
    <subfield code="4">&#x8457;</subfield>
  </datafield>
  <datafield tag="245" ind1="1" ind2="0">
    <subfield code="a">&#x60C5;&#x7DD2;&#x6D41;&#x52D5; :</subfield>
    <subfield code="b">11&#x500B;&#x5167;&#x5728;&#x5C0D;&#x8A71;&#x7DF4;&#x7FD2;,&#x966A;&#x4F34;&#x5B69;&#x5B50;&#x8ABF;&#x7BC0;&#x60C5;&#x7DD2; /</subfield>
    <subfield code="c">&#x80E1;&#x5C55;&#x8AA5;&#x8457;</subfield>
  </datafield>
  <datafield tag="246" ind1="3" ind2="3">
    <subfield code="a">&#x5341;&#x4E00;&#x500B;&#x5167;&#x5728;&#x5C0D;&#x8A71;&#x7DF4;&#x7FD2;,&#x966A;&#x4F34;&#x5B69;&#x5B50;&#x8ABF;&#x7BC0;&#x60C5;&#x7DD2;</subfield>
  </datafield>
  <datafield tag="250" ind1=" " ind2=" ">
    <subfield code="a">&#x521D;&#x7248;&#x4E00;&#x5237;</subfield>
  </datafield>
  <datafield tag="260" ind1=" " ind2=" ">
    <subfield code="a">&#x53F0;&#x5317;&#x5E02; :</subfield>
    <subfield code="b">&#x9060;&#x6D41;,</subfield>
    <subfield code="c">2024.08</subfield>
  </datafield>
  <datafield tag="300" ind1=" " ind2=" ">
    <subfield code="a">245&#x9762; :</subfield>
    <subfield code="b">&#x5716;,&#x8868; ;</subfield>
    <subfield code="c">21&#x516C;&#x5206;</subfield>
  </datafield>
  <datafield tag="490" ind1="1" ind2=" ">
    <subfield code="a">&#x7DA0;&#x8839;&#x9B5A; ;</subfield>
    <subfield code="v">YLNB94.</subfield>
  </datafield>
  <datafield tag="650" ind1=" " ind2="7">
    <subfield code="2">lcstt</subfield>
    <subfield code="a">&#x60C5;&#x7DD2;&#x6559;&#x80B2;</subfield>
  </datafield>
  <datafield tag="650" ind1=" " ind2="7">
    <subfield code="2">lcstt</subfield>
    <subfield code="a">&#x89AA;&#x8077;&#x6559;&#x80B2;</subfield>
  </datafield>
  <datafield tag="650" ind1=" " ind2="7">
    <subfield code="2">lcstt</subfield>
    <subfield code="a">&#x5B50;&#x5973;&#x6559;&#x80B2;</subfield>
  </datafield>
  <datafield tag="830" ind1=" " ind2="0">
    <subfield code="a">&#x7DA0;&#x8839;&#x9B5A; ;</subfield>
    <subfield code="v">YLNB94.</subfield>
  </datafield>
  <datafield tag="942" ind1=" " ind2=" ">
    <subfield code="2">ccl</subfield>
    <subfield code="c">BOOK</subfield>
  </datafield>
  <datafield tag="999" ind1=" " ind2=" ">
    <subfield code="c">7623</subfield>
    <subfield code="d">7623</subfield>
  </datafield>
  <datafield tag="952" ind1=" " ind2=" ">
    <subfield code="0">0</subfield>
    <subfield code="1">0</subfield>
    <subfield code="2">ccl</subfield>
    <subfield code="4">0</subfield>
    <subfield code="7">0</subfield>
    <subfield code="a">yeezen</subfield>
    <subfield code="b">yeezen</subfield>
    <subfield code="c">YEEZEN</subfield>
    <subfield code="d">2024-12-26</subfield>
    <subfield code="l">6</subfield>
    <subfield code="m">3</subfield>
    <subfield code="o">528.2</subfield>
    <subfield code="p">C03207</subfield>
    <subfield code="r">2025-06-12 00:00:00</subfield>
    <subfield code="s">2025-05-28</subfield>
    <subfield code="w">2024-12-26</subfield>
    <subfield code="y">BOOK</subfield>
    <subfield code="z">&#x5B69;&#x5B50;&#x5927;&#x591A;&#x6578;&#x7684;&#x554F;&#x984C;&#x884C;&#x70BA;,&#x90FD;&#x4F86;&#x81EA;&#x60C5;&#x7DD2;&#x3002;&#x8AEE;&#x5546;&#x5FC3;&#x7406;&#x5E2B;&#x80E1;&#x5C55;&#x8AA5;&#x8AAA;&#xFF1A;&#x300C;&#x60C5;&#x7DD2;&#x9700;&#x8981;&#x51FA;&#x53E3;,&#x7279;&#x5225;&#x662F;&#x4EE4;&#x4EBA;&#x96E3;&#x53D7;&#x7684;&#x60C5;&#x7DD2;&#x3002;&#x300D;&#x800C;&#x9019;&#x672C;&#x66F8;&#x5C07;&#x544A;&#x8A34;&#x4F60;,&#x5982;&#x4F55;&#x5354;&#x52A9;&#x5B69;&#x5B50;&#x627E;&#x5230;&#x51FA;&#x53E3;,&#x8B93;&#x4ED6;&#x5011;&#x5B78;&#x6703;&#x89BA;&#x5BDF;&#x81EA;&#x5DF1;&#x7684;&#x60C5;&#x7DD2;,&#x900F;&#x904E;&#x7DF4;&#x7FD2;&#x8868;&#x9054;&#x60C5;&#x7DD2;&#x3001;&#x63A5;&#x7D0D;&#x60C5;&#x7DD2;,&#x9032;&#x800C;&#x7DE9;&#x548C;&#x53CA;&#x7A69;&#x5B9A;&#x60C5;&#x7DD2;&#x3002;</subfield>
  </datafield>
</record>
